Περιβαλλοντική εκπαίδευση στο πλαίσιο της ολοκληρωμένης διαχείρισης της παράκτιας ζώνης : αξιολόγηση των σχολικών προγραμμάτων περιβαλλοντικής εκπαίδευσης της Ανατολικής Θεσσαλονίκης : μεταπτυχιακή διατριβή
Αποθηκεύτηκε σε:
| Κύριος συγγραφέας: | |
|---|---|
| Συγγραφή απο Οργανισμό/Αρχή: | |
| Άλλοι συγγραφείς: | |
| Μορφή: | Thesis Βιβλίο |
| Γλώσσα: | Greek |
| Δημοσίευση: |
Μυτιλήνη :
Πανεπιστήμιο Αιγαίου, Τμήμα Επιστημών της Θάλασσας, Μεταπτυχιακό Πρόγραμμα Σπουδών Διαχείριση Παράκτιων Περιοχών,
2005
|
| Θέματα: | |
| Διαθέσιμο Online: | http://hdl.handle.net/11610/11647 |
| Ετικέτες: |
Προσθήκη ετικέτας
Δεν υπάρχουν, Καταχωρήστε ετικέτα πρώτοι!
|
MARC
| LEADER | 00000cam a2200000 i 4500 | ||
|---|---|---|---|
| 001 | 1/26017 | ||
| 008 | 060313s2005 gre d | ||
| 035 | |l 10083058 | ||
| 040 | |a GR-MY-UA |b gre |e aacr | ||
| 041 | 0 | |a gre | |
| 082 | 0 | |a 372.357 |2 (22) | |
| 100 | 1 | |a Χαλκιά, Μαρία. | |
| 245 | 1 | 0 | |a Περιβαλλοντική εκπαίδευση στο πλαίσιο της ολοκληρωμένης διαχείρισης της παράκτιας ζώνης : |b αξιολόγηση των σχολικών προγραμμάτων περιβαλλοντικής εκπαίδευσης της Ανατολικής Θεσσαλονίκης : μεταπτυχιακή διατριβή / |c Χαλκιά Μαρία ; υπεύθυνη καθηγήτρια Αλεξάνδρα Μέξα |
| 260 | |a Μυτιλήνη : |b Πανεπιστήμιο Αιγαίου, Τμήμα Επιστημών της Θάλασσας, Μεταπτυχιακό Πρόγραμμα Σπουδών Διαχείριση Παράκτιων Περιοχών, |c 2005 | ||
| 300 | |a 108 σ.; |b πιν., εικ.; |c 30 εκ. | ||
| 502 | |a Διατριβή (μεταπτυχιακή) – Πανεπιστήμιο Αιγαίου, Λέσβος, 2005. | ||
| 504 | |a Βιβλιογραφία: 106-108 | ||
| 650 | 0 | 0 | |a Environmental education |x Case studies. |
| 650 | 0 | 0 | |a Environmental education |x Activity programs |x Case studies. |
| 650 | 0 | 0 | |a Dissertations, Academic |z Greece. |
| 700 | 1 | |a Μέξα, Αλεξάνδρα. |4 ths | |
| 710 | 2 | |a Πανεπιστήμιο Αιγαίου |b Σχολή Περιβάλλοντος |b Τμήμα Επιστημών της Θάλασσας |b Πρόγραμμα Μεταπτυχιακών Σπουδών Διαχείριση Παράκτιων Περιοχών. | |
| 852 | |a INST |b LESVOS |c DIATR |e 20060313 |h 29 |p 005100035639 |q 005100035639 |t MTXE |y 23 | ||
| 852 | |a INST |b LESVOS |c DIATR |e 20061124 |h 30 |p 005100037487 |q 005100037487 |t MTXE |y 23 | ||
| 856 | |u http://hdl.handle.net/11610/11647 | ||
| 901 | |a BIBL1-2006-1 | ||
| 909 | |a Λ |b 121626 | ||
| 909 | |a Λ |b 121627 | ||
| 924 | |a ΧΑΛΚΙΑ |b ΜΑΡΙΑ |y ΛΕΣΒΟΣ |z 2005-09 | ||
| 970 | |a ΜΑΡΙΝΑΤΟΥ |b ΜΥΡΣΙΝΗ |z 2006/03/13 | ||